Statistiques concernant les chiens

Cliquez ici pour prendre le quiz!

Statistiques générales

  • Ce quiz a été pris 257 fois
  • Le résultat moyen est 5 sur 11

Statistiques - réponses

Réponse% Correct
berger allemand
98%
husky
88%
canniche
82%
loup
76%
jack russel
55%
pitbull
30%
golden retriver
26%
lycaon
26%
dingo
13%
boerboel
0%
jagd terrier
0%

Distribution des résultats

Percentile par nombre de réponses

% des personnes avec chaque résultat

Votre développement - résultats

Vous n’avez pas pris ce quiz